000 00466nam a2200157Ia 4500
003 Ost
005 20260507075658.0
008 260507s9999||||xx |||||||||||||| ||und||
040 _cfsecg
041 _aara
100 _aعابدبن محمد عبدالقادر
_eمؤلف
245 0 _aالإدارة المدرسية الحديثة /
_c عابدبن محمد عبدالقادر
260 _a[دون مكان]:
_b,
300 _a صفحة؛
942 _cكتاب
999 _c45752
_d45752